|
|
|
|
| LEADER |
00000cam a2200000 a 4500 |
| 001 |
vtls001064973 |
| 003 |
SK-MaSNL |
| 005 |
20260301000217.0 |
| 008 |
240226s1991 xo al erf 000 0 slo |
| 015 |
|
|
|a SNBA1991/07
|
| 020 |
|
|
|a 8021703075
|q (viazané)
|
| 035 |
|
|
|a SNK000007803
|
| 035 |
|
|
|a 49E30301-A2D2-491E-8FB0-71A981640903
|
| 035 |
|
|
|a urn:nbn:sk:snk-am00ikdp
|
| 040 |
|
|
|a SNK
|b slo
|c SNK
|e AACR2
|
| 041 |
1 |
|
|a slo
|h eng
|
| 044 |
|
|
|a xo
|c SK
|
| 072 |
|
7 |
|a 613
|x Hygiena. Ľudské zdravie
|2 konspekt
|
| 080 |
|
|
|a 613.88/.89-055.1
|2 1997
|
| 080 |
|
|
|a (035)
|2 2011
|
| 080 |
|
|
|a 613.88
|2 2011
|
| 080 |
|
|
|a 316.346.2-055.1
|2 2011
|
| 100 |
1 |
|
|a Yaffe, Maurice
|4 aut
|9 277115
|
| 240 |
1 |
0 |
|a Sexual happiness for men
|l Slovensky
|
| 245 |
1 |
0 |
|a Sexuálne šťastie pre mužov
|b praktická príručka
|c Maurice Yaffe, Elizabeth Fenwicková ; [z anglického originálu Sexual happiness for men ... preložila Anna Gombošová ; ilustrácie: Charles Raymond]
|
| 250 |
|
|
|a 1. vyd.
|
| 260 |
|
|
|a Martin
|b Osveta
|c 1991
|
| 300 |
|
|
|a 155 strán
|b ilustrácie, schémy, tabuľky
|c 24 cm
|
| 500 |
|
|
|a Ilustrácia na frontispice
|
| 650 |
0 |
7 |
|a sex
|2 SNKPH
|9 2586
|
| 650 |
0 |
7 |
|a erotika
|2 SNKPH
|9 3764
|
| 650 |
0 |
7 |
|a muži
|2 SNKPH
|9 4888
|
| 655 |
|
7 |
|a príručky
|2 SNKPH
|9 74364
|
| 700 |
1 |
|
|a Fenwick, Elizabeth,
|d 1935-
|4 aut
|9 87595
|
| 700 |
1 |
|
|a Gombošová, Anna
|4 trl
|9 8519
|
| 700 |
1 |
|
|a Raymond, Charles
|4 ill
|9 277116
|
| 852 |
|
|
|a Slovenská národná knižnica
|
| 919 |
|
|
|a 80-217-0307-5
|
| 954 |
|
|
|a odborná, vedecká literatúra cudzojazyčná (svetová)
|2 lita
|
| 958 |
|
|
|a TL
|
| 958 |
|
|
|a OP
|
| 958 |
|
|
|a OND
|
| 958 |
|
|
|a EUIPO
|
| 968 |
|
|
|b ENG
|
| 999 |
|
|
|c 532166
|d 534096
|
| 952 |
|
|
|t P60, <04>, [BOOK], {604}
|a SNK
|b SNK
|y VYP
|7 0
|p 17A0035864
|o snkSC 79656 D1
|0 0
|1 0
|4 0
|d 1997-02-11
|l 0
|r 2004-12-31 00:00:00
|w 2026-02-23
|
| 952 |
|
|
|a SNK
|b SNK
|y PREZ
|7 0
|p 17A0945973
|o snkSC 79656
|i snkKSP 4682/91
|0 0
|1 0
|4 0
|d 2012-08-09
|f 1
|l 0
|r 2025-08-11 00:00:00
|w 2026-02-23
|